Sports Quiz

Random Sports or Soccer Quiz

AP Female Athlete (OTY) Quiz Stats

 Plays Quiz Updated Oct 2, 2019

     
Support Sporcle.
Go Orange.
Score 0/90 Timer 08:00
0 Plays Today
Year Athlete % Correct
2018Serena Williams
96.3%
2013Serena Williams
94.4%
2015Serena Williams
93.8%
2002Serena Williams
91.2%
2019Simone Biles
65.6%
2003Annika Sörenstam
58.2%
2004Annika Sörenstam
58.2%
2005Annika Sörenstam
58.2%
2009Serena Williams
56.4%
1989Steffi Graf
56.1%
2016Simone Biles
54.8%
1983Martina Navratilova
54.2%
1986Martina Navratilova
54.1%
1967Billie Jean King
53%
1973Billie Jean King
53%
1974Chris Evert
47.2%
1975Chris Evert
47.2%
1977Chris Evert
47.2%
1980Chris Evert
47.2%
1988Florence Griffith Joyner
45.1%
1991Monica Seles
44.1%
1992Monica Seles
44.1%
2000Marion Jones
42.8%
2020Naomi Osaka
41.9%
1997Martina Hingis
36.7%
1984Mary Lou Retton
34.8%
2008Candace Parker
34.4%
1934Virginia Van Wie
33.8%
2014Mo'ne Davis
29.8%
1945Babe Didrikson Zaharias
28.1%
Year Athlete % Correct
1946Babe Didrikson Zaharias
28.1%
1947Babe Didrikson Zaharias
28.1%
1950Babe Didrikson Zaharias
28.1%
1954Babe Didrikson Zaharias
28.1%
2017Katie Ledecky
28.1%
1932Babe Didrikson
27.8%
1994Bonnie Blair
27.2%
2012Gabby Douglas
26.9%
2011Abby Wambach
25.7%
1978Nancy Lopez
25.4%
1985Nancy Lopez
25.4%
2006Lorena Ochoa
22.4%
2007Lorena Ochoa
22.4%
1995Rebecca Lobo
22.3%
2001Jennifer Capriati
21.3%
2010Lindsey Vonn
20.2%
1987Jackie Joyner-Kersee
18.9%
1976Nadia Comaneci
17.9%
1993Sheryl Swoopes
16.6%
1960Wilma Rudolph
14.5%
1961Wilma Rudolph
14.5%
1979Tracy Austin
14.5%
1981Tracy Austin
14.5%
1968Peggy Fleming
14.2%
1972Olga Korbut
14.2%
1971Evonne Goolagong
12.6%
1957Althea Gibson
11.2%
1958Althea Gibson
11.2%
1999U.S. women's soccer team
10.9%
1998Se Ri Pak
10.9%
Year Athlete % Correct
1982Mary Decker
8.6%
1951Maureen Connolly
5%
1952Maureen Connolly
5%
1953Maureen Connolly
5%
1996Amy Van Dyken
4.8%
1965Kathy Whitworth
4.3%
1966Kathy Whitworth
4.3%
1963Mickey Wright
4.2%
1964Mickey Wright
4.2%
1935Helen Wills Moody
4.1%
1938Patty Berg
3.8%
1943Patty Berg
3.8%
1955Patty Berg
3.8%
1959Maria Bueno
3.3%
1990Beth Daniel
3%
1969Debbie Meyer
2.2%
1936Helen Stephens
2.1%
1962Dawn Fraser
2.1%
1937Katherine Rawls
1.7%
1948Fanny Blankers-Koen
1.7%
1939Alice Marble
1.6%
1940Alice Marble
1.6%
1931Helene Madison
1.6%
1956Pat McCormick
1.5%
1933Helen Jacobs
1.5%
1970Chi Cheng
1.3%
1944Ann Curtis
1.2%
1941Betty Hicks Newell
1.1%
1949Marlene Bauer
1%
1942Gloria Callen
1%

From the Vault

Language... By 14 Other Categories!

by SporcleEXP

Don't all quizzes require some language knowledge?
Remove Ads.
Support Sporcle.
Get the best of Sporcle when you Go Orange. This ad-free experience offers more features, more stats, and more fun while also helping to support Sporcle. Thank you for becoming a member.

Show Comments

Extras

Top Quizzes Today


Score Distribution

Your Account Isn't Verified!

In order to create a playlist on Sporcle, you need to verify the email address you used during registration. Go to your Sporcle Settings to finish the process.

Report this User

Report this user for behavior that violates our Community Guidelines.

Details: